<?xml version="1.0" encoding="UTF-8"?>
<record
    xmlns:xsi="http://www.w3.org/2001/XMLSchema-instance"
    xsi:schemaLocation="http://www.loc.gov/MARC21/slim http://www.loc.gov/standards/marcxml/schema/MARC21slim.xsd"
    xmlns="http://www.loc.gov/MARC21/slim">

  <leader>01435nam a22001457a 4500</leader>
  <controlfield tag="008">191203b        xxu||||| |||| 00| 0 eng d</controlfield>
  <datafield tag="020" ind1=" " ind2=" ">
    <subfield code="a">9789873805066</subfield>
  </datafield>
  <datafield tag="082" ind1=" " ind2=" ">
    <subfield code="a">370.19</subfield>
    <subfield code="b">P792e</subfield>
  </datafield>
  <datafield tag="100" ind1=" " ind2=" ">
    <subfield code="a">Ponce, Anibal</subfield>
    <subfield code="9">7260</subfield>
  </datafield>
  <datafield tag="245" ind1=" " ind2=" ">
    <subfield code="a">Educaci&#xF3;n y lucha de clases y otros escritos</subfield>
  </datafield>
  <datafield tag="260" ind1=" " ind2=" ">
    <subfield code="a">Argentina</subfield>
    <subfield code="b">UNIPE: Editorial Universitaria</subfield>
    <subfield code="c">2015</subfield>
  </datafield>
  <datafield tag="300" ind1=" " ind2=" ">
    <subfield code="a">208 p.</subfield>
    <subfield code="c">16 x 24 cm. </subfield>
  </datafield>
  <datafield tag="505" ind1=" " ind2=" ">
    <subfield code="t">Abreviaturas.</subfield>
    <subfield code="t">Presentaci&#xF3;n. An&#xED;bal Ponce, o las vetas del pensamiento pedag&#xF3;gico marxista en Argentina. </subfield>
    <subfield code="r">Nicol&#xE1;s Arata y Pablo Gentili</subfield>
    <subfield code="t">Educaci&#xF3;n y Lucha de Clases y Otros Escritos.</subfield>
    <subfield code="t">Cap&#xED;tulo I. La educaci&#xF3;n en la comunidad primitiva.</subfield>
    <subfield code="t">Cap&#xED;tulo II. La educaci&#xF3;n del hombre antiguo. Primera Parte: Esparta y Atenas.</subfield>
    <subfield code="t">Cap&#xED;tulo III. La educaci&#xF3;n del hombre antiguo. Segunda Parte: Roma.</subfield>
    <subfield code="t">Cap&#xED;tulo IV. La educaci&#xF3;n del hombre feudal.</subfield>
    <subfield code="t">Cap&#xED;tulo V. La educaci&#xF3;n del hombre burgu&#xE9;s. Primera Parte: Desde el renacimiento al Siglo XVIII</subfield>
    <subfield code="t">Cap&#xED;tulo VI. La educaci&#xF3;n del hombre burgu&#xE9;s. Segunda Parte: Desde la revoluci&#xF3;n al Siglo XIX</subfield>
    <subfield code="t">Cap&#xED;tulo VII. La "Nueva Educaci&#xF3;n". Primera Parte.</subfield>
    <subfield code="t">Cap&#xED;tulo VII. La "Nueva Educaci&#xF3;n". Segunda Parte.</subfield>
    <subfield code="t">Ap&#xE9;ndice.</subfield>
    <subfield code="t">Hacia la democracia proletaria.</subfield>
    <subfield code="t">Condiciones para la Universidad Libre.</subfield>
    <subfield code="t">El Maestro (Fragmento de Jos&#xE9; Ingenieros. Su vida y su obra).</subfield>
    <subfield code="t">La vejez de Sarmiento (Fragmento).</subfield>
  </datafield>
  <datafield tag="650" ind1=" " ind2=" ">
    <subfield code="2">Educaci&#xF3;n </subfield>
    <subfield code="v">Pedagog&#xED;a </subfield>
    <subfield code="x">Educaci&#xF3;n - historia </subfield>
    <subfield code="x">Historia</subfield>
    <subfield code="x">Clases sociales (Lucha de clases)</subfield>
    <subfield code="9">7261</subfield>
  </datafield>
  <datafield tag="999" ind1=" " ind2=" ">
    <subfield code="c">1880</subfield>
    <subfield code="d">1880</subfield>
  </datafield>
  <datafield tag="952" ind1=" " ind2=" ">
    <subfield code="0">0</subfield>
    <subfield code="1">0</subfield>
    <subfield code="2">ddc</subfield>
    <subfield code="4">0</subfield>
    <subfield code="7">0</subfield>
    <subfield code="a">LV</subfield>
    <subfield code="b">LV</subfield>
    <subfield code="c">Pensamiento</subfield>
    <subfield code="d">2019-12-03</subfield>
    <subfield code="l">0</subfield>
    <subfield code="o">370.19 P792e</subfield>
    <subfield code="p">004902</subfield>
    <subfield code="r">2019-12-03 00:00:00</subfield>
    <subfield code="w">2019-12-03</subfield>
    <subfield code="y">01</subfield>
  </datafield>
</record>
